| 000 | 00536nam a22001817a 4500 | ||
|---|---|---|---|
| 999 |
_c9296 _d9296 |
||
| 008 | 210401b ||||| |||| 00| 0 eng d | ||
| 040 | _aBMS College of Architecture | ||
| 100 | _aH, A, Lavanya | ||
| 245 | _aPerforming arts centre Bangalore | ||
| 300 | _a51p. | ||
| 500 | _a1BM99AT013 | ||
| 502 |
_8B.Arch _NBMS College of Architecture, Visvesvaraya Technological University _aProject report _d2013 |
||
| 650 | _aNA | ||
| 700 |
_aSridhar Rajan _eGuide |
||
| 700 |
_aChandrashekar _eGuide |
||
| 700 |
_aRama _eGuide |
||
| 942 |
_2ddc _cTHE |
||